[Event "Steyr Landesliga 1819"]
[Site "Austria"]
[Date "2018.10.27"]
[Round "3.6"]
[White "Buchegger, Josef"]
[Black "Kubik, Gerhard"]
[Result "0-1"]
[WhiteElo "2033"]
[BlackElo "1973"]
[PlyCount "86"]
[EventDate "2018.10.06"]
[EventType "team-tourn"]
[EventRounds "11"]
[EventCountry "AUT"]
[SourceTitle "CBM 187 Extra"]
[Source "ChessBase"]
[SourceDate "2018.11.04"]
[SourceVersion "1"]
[SourceVersionDate "2018.11.04"]
[SourceQuality "1"]
[WhiteTeam "Fuerstenfeld/Hartberg"]
[BlackTeam "Leibnitz"]
[WhiteTeamCountry "AUT"]
[BlackTeamCountry "AUT"]

1. c4 g6 2. Nc3 Bg7 3. g3 c5 4. Bg2 Nc6 5. Nf3 Nf6 6. d4 d5 7. cxd5 Nxd5 8. e3 0-0 9. 0-0 Nxc3 10. bxc3 Bg4 11. Qa4 cxd4 12. cxd4 Qd7 13. Qb3 Rac8 14. Ba3 b6 15. Rac1 Be6 16. Qb1 Na5 17. Rxc8 Rxc8 18. Rc1 Nc4 19. Bb4 a5 20. Be1 b5 21. Ng5 Bd5 22. Bxd5 Qxd5 23. Ne4 Rb8 24. Nd2 Nd6 25. Nb3 a4 26. Nc5 e5 27. Nd7 Rb7 28. Nxe5 Bxe5 29. dxe5 Ne4 30. Rc8+ Kg7 31. Bb4 h5 32. h4 Qxe5 33. Qd3 Qf5 34. Rc2 Rd7 35. Qe2 Rd5 36. Ba3 Kh6 37. Bb2 g5 38. Rc6+ Rd6 39. hxg5+ Kxg5 40. f4+ Kh6 41. Qd3 Rxc6 42. Qd8 Rc8 43. Qd4 Rg8 0-1

[Event "Steyr Landesliga 1617"]
[Site "Austria"]
[Date "2017.05.06"]
[Round "11.5"]
[White "Lorenz, Alexander"]
[Black "Buchegger, Josef"]
[Result "1/2-1/2"]
[WhiteElo "2020"]
[BlackElo "2057"]
[PlyCount "59"]
[EventDate "2016.10.01"]
[EventType "team-tourn"]
[EventRounds "11"]
[EventCountry "AUT"]
[SourceTitle "EXT 2018"]
[Source "ChessBase"]
[SourceDate "2017.10.13"]
[SourceVersion "1"]
[SourceVersionDate "2017.10.13"]
[SourceQuality "1"]
[WhiteTeam "Schachfreunde"]
[BlackTeam "Fuerstenfeld/Hartberg"]
[WhiteTeamCountry "AUT"]
[BlackTeamCountry "AUT"]

1. b4 e5 2. Bb2 d6 3. c4 Nf6 4. e3 g6 5. Nf3 Bg7 6. Be2 0-0 7. 0-0 Nbd7 8. a4 a5 9. b5 Re8 10. d4 Ne4 11. Nbd2 Nxd2 12. Qxd2 e4 13. Ne1 Qg5 14. f4 exf3 15. Rxf3 Nf6 16. Nc2 Ne4 17. Qe1 Bg4 18. Rf4 Bxe2 19. Qxe2 f5 20. Ne1 Nf6 21. Nd3 Nh5 22. Rf3 Re4 23. Qf2 Rae8 24. Re1 Nf6 25. h3 Nh5 26. c5 Bh6 27. Bc1 Qe7 28. cxd6 cxd6 29. Qa2+ Qe6 30. Qxe6+ 1/2-1/2

[Event "Steyr Landesliga 1617"]
[Site "Austria"]
[Date "2017.04.01"]
[Round "9.5"]
[White "Kormann, Werner"]
[Black "Buchegger, Josef"]
[Result "1/2-1/2"]
[WhiteElo "2173"]
[BlackElo "2057"]
[PlyCount "97"]
[EventDate "2016.10.01"]
[EventType "team-tourn"]
[EventRounds "11"]
[EventCountry "AUT"]
[SourceTitle "EXT 2018"]
[Source "ChessBase"]
[SourceDate "2017.10.13"]
[SourceVersion "1"]
[SourceVersionDate "2017.10.13"]
[SourceQuality "1"]
[WhiteTeam "Trofaiach Niklasdorf"]
[BlackTeam "Fuerstenfeld/Hartberg"]
[WhiteTeamCountry "AUT"]
[BlackTeamCountry "AUT"]

1. Nf3 Nf6 2. c4 g6 3. g3 Bg7 4. Bg2 0-0 5. 0-0 d6 6. d4 Nc6 7. Nc3 a6 8. h3 Rb8 9. e4 b5 10. cxb5 axb5 11. e5 Nd7 12. Ng5 Nxd4 13. Qxd4 Nxe5 14. Qh4 h6 15. Nf3 Nxf3+ 16. Bxf3 g5 17. Qh5 Bf5 18. Be4 Bxe4 19. Nxe4 f5 20. Nd2 e5 21. Qe2 Qd7 22. Rd1 Rf7 23. Kh2 Bf6 24. Nf1 f4 25. Nd2 Rbf8 26. g4 Rh7 27. Ne4 Kg7 28. a4 h5 29. Rg1 Rfh8 30. Kg2 bxa4 31. Kf1 Bd8 32. Ra3 hxg4 33. Qxg4 Qc6 34. Nxg5 Qxc1+ 35. Kg2 Qc6+ 36. Kh2 Bxg5 37. Qxg5+ Kf7 38. Qf5+ Ke7 39. Rg6 Qd5 40. Rc3 Kd8 41. Qg5+ Kc8 42. Rg7 Kb8 43. Rxh7 Rxh7 44. Qg6 Qf7 45. Qc2 Rg7 46. Qxa4 Kc8 47. Qa8+ Kd7 48. Qc6+ Ke6 49. Qe4 1/2-1/2

[Event "Steyr Landesliga 1617"]
[Site "Austria"]
[Date "2017.02.04"]
[Round "7.7"]
[White "Buchegger, Josef"]
[Black "Meixner, Helmut"]
[Result "1-0"]
[WhiteElo "2057"]
[BlackElo "1953"]
[PlyCount "55"]
[EventDate "2016.10.01"]
[EventType "team-tourn"]
[EventRounds "11"]
[EventCountry "AUT"]
[SourceTitle "EXT 2018"]
[Source "ChessBase"]
[SourceDate "2017.10.13"]
[SourceVersion "1"]
[SourceVersionDate "2017.10.13"]
[SourceQuality "1"]
[WhiteTeam "Fuerstenfeld/Hartberg"]
[BlackTeam "Gamlitz"]
[WhiteTeamCountry "AUT"]
[BlackTeamCountry "AUT"]

1. c4 c5 2. Nc3 Nc6 3. g3 g6 4. Bg2 Bg7 5. Nf3 e6 6. 0-0 Nge7 7. a3 d5 8. d3 0-0 9. Rb1 b6 10. Bd2 Bd7 11. e3 Be8 12. Qe2 Rc8 13. Rfd1 h6 14. b4 d4 15. Na2 dxe3 16. fxe3 Ne5 17. Nxe5 Bxe5 18. b5 Qc7 19. Bc3 Nf5 20. Re1 Kg7 21. Rbd1 Bxc3 22. Nxc3 Nd6 23. Rf1 f5 24. e4 Nf7 25. exf5 exf5 26. Rde1 Bd7 27. Nd5 Qd6 28. Qb2+ 1-0

[Event "Steyr Landesliga 1415"]
[Site "Austria"]
[Date "2014.10.11"]
[Round "2.6"]
[White "Wurm, Christoph"]
[Black "Buchegger, Josef"]
[Result "1-0"]
[WhiteElo "2098"]
[BlackElo "2056"]
[PlyCount "105"]
[EventDate "2014.09.27"]
[EventType "team-tourn"]
[EventRounds "11"]
[EventCountry "AUT"]
[SourceTitle "EXT 2016"]
[Source "ChessBase"]
[SourceDate "2015.10.08"]
[SourceVersion "1"]
[SourceVersionDate "2015.10.08"]
[SourceQuality "1"]
[WhiteTeam "Leoben"]
[BlackTeam "Fuerstenfeld/Hartberg"]
[WhiteTeamCountry "AUT"]
[BlackTeamCountry "AUT"]

1. e4 d6 2. d4 Nf6 3. Nc3 g6 4. f3 Bg7 5. Be3 c6 6. Qd2 b5 7. a4 b4 8. Na2 a5 9. c3 bxc3 10. Nxc3 Nbd7 11. Nh3 0-0 12. Be2 Nb6 13. Nf2 Ba6 14. Bxa6 Rxa6 15. Qe2 Ra8 16. 0-0 Qc7 17. Rfc1 Qb7 18. Rab1 Nfd7 19. f4 Rfc8 20. Nd3 Qa6 21. e5 d5 22. Rf1 e6 23. g4 Nc4 24. Bf2 Rab8 25. b3 Ncb6 26. Qf3 Nf8 27. Ne2 Nbd7 28. Rb2 Rc7 29. Rc1 Rcb7 30. Rc3 Rb6 31. Nec1 Qb7 32. Be3 Qa8 33. Rf2 f5 34. gxf5 exf5 35. Rg2 Ne6 36. h4 Ndf8 37. h5 Qa7 38. Qh3 Qf7 39. Nc5 Nxc5 40. Rxc5 Ne6 41. hxg6 hxg6 42. Rxa5 Rb4 43. Rh2 Nxd4 44. Qh7+ Kf8 45. Rg2 Ne6 46. Rxg6 d4 47. Bd2 R4b6 48. b4 c5 49. bxc5 Rb2 50. Rg2 Qb7 51. Qxf5+ Ke7 52. Rg6 Qd5 53. Ra6 1-0

[Event "Steyr Landesliga 1112"]
[Site "Austria"]
[Date "2012.05.05"]
[Round "11.6"]
[White "Buchegger, Josef"]
[Black "Koller, Helmut"]
[Result "0-1"]
[WhiteElo "2091"]
[BlackElo "1918"]
[PlyCount "84"]
[EventDate "2011.09.24"]
[EventType "team-tourn"]
[EventRounds "11"]
[EventCountry "AUT"]
[SourceTitle "EXT 2015"]
[Source "ChessBase"]
[SourceDate "2014.11.20"]
[SourceVersion "1"]
[SourceVersionDate "2014.11.20"]
[SourceQuality "1"]
[WhiteTeam "Hartberg"]
[BlackTeam "Frauental"]
[WhiteTeamCountry "AUT"]
[BlackTeamCountry "AUT"]

1. Nf3 Nf6 2. c4 d6 3. Nc3 e5 4. g3 Be7 5. Bg2 c6 6. 0-0 0-0 7. d4 e4 8. Ng5 d5 9. cxd5 cxd5 10. Qb3 Nc6 11. e3 Na5 12. Qc2 Bd7 13. Nh3 Rc8 14. Nf4 b5 15. Qd1 Bc6 16. f3 b4 17. Na4 Bb5 18. Re1 Nb7 19. Bd2 Qa5 20. b3 g5 21. Nh3 exf3 22. Bxf3 Ne4 23. Be2 Bxe2 24. Qxe2 Rc2 25. Rad1 Nc3 26. Qg4 f5 27. Qh5 Nxd1 28. Rxd1 Qd8 29. e4 dxe4 30. Bxg5 Bxg5 31. Nxg5 Qe7 32. Re1 e3 33. d5 Rfc8 34. Ne6 Rc1 35. Qe2 Rxe1+ 36. Qxe1 Qf6 37. Qxe3 Qa1+ 38. Kg2 Rc2+ 39. Kh3 Qf1+ 40. Kh4 Rxh2+ 41. Kg5 Qh3 42. Nf4 Qh6+ 0-1

[Event "Steyr Landesliga 1112"]
[Site "Austria"]
[Date "2012.02.18"]
[Round "9.6"]
[White "Buchegger, Josef"]
[Black "Stifter, Ewald"]
[Result "0-1"]
[WhiteElo "2091"]
[BlackElo "2059"]
[PlyCount "130"]
[EventDate "2011.09.24"]
[EventType "team-tourn"]
[EventRounds "11"]
[EventCountry "AUT"]
[SourceTitle "EXT 2013"]
[Source "ChessBase"]
[SourceDate "2012.11.22"]
[SourceVersion "1"]
[SourceVersionDate "2012.11.22"]
[SourceQuality "1"]
[WhiteTeam "Hartberg"]
[BlackTeam "Weiz"]
[WhiteTeamCountry "AUT"]
[BlackTeamCountry "AUT"]

1. c4 Nf6 2. Nf3 d5 3. cxd5 Nxd5 4. g3 g6 5. Bg2 Bg7 6. 0-0 0-0 7. Nc3 Nb6 8. d3 Nc6 9. Be3 e5 10. Qd2 Re8 11. Bh6 Bh8 12. Rac1 Ne7 13. Qc2 Nf5 14. Be3 Nxe3 15. fxe3 c6 16. a4 a5 17. Nd2 Be6 18. Nde4 Qe7 19. Nd1 Nd7 20. h4 h6 21. Kh2 f5 22. Nc5 Nxc5 23. Qxc5 Qxc5 24. Rxc5 Bg7 25. Rc1 Bf8 26. e4 f4 27. Bh3 Bb3 28. Nc3 Bd6 29. Kg2 Rf8 30. Rf3 Rf7 31. Rcf1 Raf8 32. Nb1 Kg7 33. Nc3 Bb4 34. h5 g5 35. Bf5 Bc5 36. g4 Rf6 37. Ra1 Rd8 38. Rff1 Rfd6 39. Kf3 Be3 40. Ra3 Bf7 41. Raa1 Rd4 42. Rfb1 Rb4 43. Ra3 Bb3 44. Na2 Rb6 45. Nc3 Bc2 46. Rf1 Bd2 47. Ra2 Bb3 48. Raa1 Rd4 49. Nb1 Be3 50. Na3 Rbb4 51. Nc4 Bxc4 52. dxc4 Rdxc4 53. Be6 Rxe4 54. b3 Red4 55. Rfd1 Kf6 56. Rxd4 Rxd4 57. Bc4 e4+ 58. Kg2 Rd2 59. Kf1 f3 60. Re1 f2 61. Rb1 Ke5 62. Ra1 Kf4 63. Be6 Rc2 64. Rd1 b5 65. axb5 cxb5 0-1

[Event "Steyr Landesliga 1112"]
[Site "Austria"]
[Date "2012.01.21"]
[Round "7.7"]
[White "Horvath, Reka"]
[Black "Buchegger, Josef"]
[Result "1-0"]
[WhiteElo "2023"]
[BlackElo "2091"]
[PlyCount "79"]
[EventDate "2011.09.24"]
[EventType "team-tourn"]
[EventRounds "11"]
[EventCountry "AUT"]
[SourceTitle "EXT 2013"]
[Source "ChessBase"]
[SourceDate "2012.11.22"]
[SourceVersion "1"]
[SourceVersionDate "2012.11.22"]
[SourceQuality "1"]
[WhiteTeam "Feldbach Kirchberg"]
[BlackTeam "Hartberg"]
[WhiteTeamCountry "AUT"]
[BlackTeamCountry "AUT"]

1. Nf3 Nf6 2. g3 g6 3. Bg2 Bg7 4. d4 d6 5. c4 0-0 6. 0-0 Nc6 7. Nc3 a6 8. e4 Bg4 9. h3 Bxf3 10. Bxf3 e5 11. Ne2 exd4 12. Nxd4 Ne5 13. Bg2 Nxc4 14. Qb3 Na5 15. Qa4 c5 16. Bd2 cxd4 17. Bxa5 b6 18. e5 dxe5 19. Bxa8 Qxa8 20. Bxb6 Ne4 21. Rac1 Nd2 22. Rfd1 Nf3+ 23. Kh1 Rc8 24. Bc7 e4 25. Qc6 Qxc6 26. Rxc6 Be5 27. Rdc1 Bxc7 28. Rxc7 Rxc7 29. Rxc7 d3 30. Kg2 Kf8 31. Kf1 Ke8 32. Ra7 Nd4 33. Ke1 f5 34. Rxa6 g5 35. Ra4 Nf3+ 36. Kd1 Ke7 37. g4 Kf6 38. Ra6+ Ke5 39. Ra5+ Kd4 40. gxf5 1-0

[Event "Steyr Landesliga 1112"]
[Site "Austria"]
[Date "2011.11.26"]
[Round "6.7"]
[White "Steiner, Peter"]
[Black "Buchegger, Josef"]
[Result "0-1"]
[WhiteElo "2010"]
[BlackElo "2091"]
[PlyCount "58"]
[EventDate "2011.09.24"]
[EventType "team-tourn"]
[EventRounds "11"]
[EventCountry "AUT"]
[SourceTitle "EXT 2013"]
[Source "ChessBase"]
[SourceDate "2012.11.22"]
[SourceVersion "1"]
[SourceVersionDate "2012.11.22"]
[SourceQuality "1"]
[WhiteTeam "Pinggau Friedberg"]
[BlackTeam "Hartberg"]
[WhiteTeamCountry "AUT"]
[BlackTeamCountry "AUT"]

1. e4 e6 2. d4 d5 3. e5 c5 4. c3 Qb6 5. Nf3 Bd7 6. Be2 Bb5 7. 0-0 Bxe2 8. Qxe2 Qa6 9. Re1 Qxe2 10. Rxe2 Nc6 11. Be3 Nh6 12. dxc5 Nf5 13. Bd4 Be7 14. Na3 a6 15. Nc2 g5 16. g4 Nfxd4 17. cxd4 Kd7 18. Rae1 h5 19. h3 hxg4 20. hxg4 Rh3 21. Kg2 Rah8 22. b4 Bd8 23. a4 Ne7 24. Nxg5 Rh2+ 25. Kg3 Ng6 26. f4 Bxg5 27. Rxh2 Bxf4+ 28. Kf3 Rxh2 29. Re2 Nh4+ 0-1

[Event "AUT-chT2S 9697"]
[Site "Austria"]
[Date "1996.??.??"]
[Round "7"]
[White "Buchegger, Josef"]
[Black "Singer, Richard"]
[Result "1/2-1/2"]
[WhiteElo "2165"]
[BlackElo "1995"]
[PlyCount "82"]
[EventDate "1996.??.??"]
[EventType "team"]
[EventRounds "11"]
[EventCountry "AUT"]
[SourceTitle "EXT 1999"]
[Source "ChessBase"]
[SourceDate "1998.11.16"]
[SourceVersion "1"]
[SourceVersionDate "1998.11.16"]
[SourceQuality "1"]

1. c4 g6 2. g3 Bg7 3. Bg2 Nc6 4. Nc3 e5 5. d3 d6 6. Rb1 Nge7 7. e3 0-0 8. Nge2 Bf5 9. 0-0 Qd7 10. b4 Rae8 11. b5 Nd8 12. Nd5 Nxd5 13. cxd5 b6 14. f4 exf4 15. Nxf4 Nb7 16. e4 Bd4+ 17. Kh1 Bg4 18. Qc2 Qd8 19. Bb2 Be5 20. Rbe1 Bd7 21. a4 a6 22. d4 Bxf4 23. gxf4 axb5 24. axb5 Bxb5 25. Rf3 f5 26. e5 Qh4 27. Bc3 Ra8 28. Rg1 Qe7 29. Be1 Ba4 30. Qc3 Na5 31. Rh3 Qf7 32. Bh4 Bb3 33. Bf6 Bxd5 34. Qg3 Bxg2+ 35. Qxg2 c6 36. Qf3 Qd5 37. Rxg6+ hxg6 38. Rh8+ Kf7 39. Rh7+ Kg8 40. Rh8+ Kf7 41. Rh7+ Kg8 1/2-1/2

[Event "AUT-chT2S 9697"]
[Site "Austria"]
[Date "1996.??.??"]
[Round "1"]
[White "Wilfling, Hermann"]
[Black "Buchegger, Josef"]
[Result "1/2-1/2"]
[WhiteElo "1995"]
[BlackElo "2095"]
[PlyCount "108"]
[EventDate "1996.??.??"]
[EventType "team"]
[EventRounds "11"]
[EventCountry "AUT"]
[SourceTitle "EXT 1999"]
[Source "ChessBase"]
[SourceDate "1998.11.16"]
[SourceVersion "1"]
[SourceVersionDate "1998.11.16"]
[SourceQuality "1"]

1. d4 Nf6 2. c4 g6 3. Nc3 Bg7 4. e4 d6 5. Nf3 0-0 6. Be2 e5 7. 0-0 Nc6 8. d5 Ne7 9. Ne1 Nd7 10. Be3 f5 11. f3 Nf6 12. c5 h5 13. Rc1 fxe4 14. fxe4 Ng4 15. Rxf8+ Qxf8 16. Bxg4 Bxg4 17. Qd2 a6 18. Nd3 Kh7 19. Bg5 Ng8 20. Rf1 Qe8 21. Qe3 Bh6 22. Bxh6 Nxh6 23. h3 Bc8 24. Qg5 Ng8 25. Rf3 Bd7 26. Qe3 Qe7 27. cxd6 cxd6 28. Qb6 Be8 29. Nf2 Rd8 30. g4 Rd7 31. Qe3 Qg7 32. g5 Rf7 33. a4 Rxf3 34. Qxf3 Bd7 35. b4 Qe7 36. h4 Kg7 37. Kg2 Qe8 38. a5 Qe7 39. Kg3 Bc8 40. Na4 Bd7 41. Nb6 Bb5 42. Nd1 Qc7 43. Nc3 Be8 44. Kf2 Bb5 45. Ke1 Bd7 46. Kd2 Bg4 47. Qf1 Bc8 48. Qf3 Bd7 49. Qf1 Bg4 50. Nca4 Bd7 51. Nxd7 Qxd7 52. Nb6 Qg4 53. Qe1 Qf4+ 54. Kd3 Ne7 1/2-1/2

[Event "AUT-chT2S 9596"]
[Site "Austria"]
[Date "1995.??.??"]
[Round "?"]
[White "Tschurl, Martin"]
[Black "Buchegger, Josef"]
[Result "1/2-1/2"]
[WhiteElo "2025"]
[BlackElo "2015"]
[PlyCount "43"]
[EventDate "1995.??.??"]
[EventType "team-tourn"]
[EventRounds "11"]
[EventCountry "AUT"]
[SourceTitle "EXT 1999"]
[Source "ChessBase"]
[SourceDate "1998.11.16"]
[SourceVersion "1"]
[SourceVersionDate "1998.11.16"]
[SourceQuality "1"]

1. c4 Nf6 2. Nc3 g6 3. Nf3 Bg7 4. g3 0-0 5. Bg2 d6 6. 0-0 Nc6 7. Rb1 a5 8. a3 e5 9. d3 Nd4 10. Nxd4 exd4 11. Nb5 Ne8 12. e3 dxe3 13. fxe3 c6 14. Nc3 Nc7 15. Qc2 Be6 16. b4 d5 17. cxd5 Nxd5 18. Nxd5 Bxd5 19. e4 Be6 20. bxa5 Rxa5 21. Rxb7 c5 22. Qb1 1/2-1/2